FUNDAMENTALS OF STRUCTURAL ANALYSIS / (Record no. 587240)

000 -LEADER
fixed length control field 00417nam a22001457a 4500
020 ## - INTERNATIONAL STANDARD BOOK NUMBER
Qualifying information PB.
040 ## - CATALOGING SOURCE
Transcribing agency FIZZA ISHAQ
082 ## - DEWEY DECIMAL CLASSIFICATION NUMBER
Classification number 624.171
Author Mark SUJ
100 ## - MAIN ENTRY--PERSONAL NAME
Personal name CHOKRAB, SUBRATA ROY KUMAR SUJIT.
9 (RLIN) 86083
245 ## - TITLE STATEMENT
Title FUNDAMENTALS OF STRUCTURAL ANALYSIS /
Statement of responsibility, etc. SUJIT KUMAR ROY KUMAR SUBRATA CHOKRAB.
250 ## - EDITION STATEMENT
Edition statement 5th ED.
260 ## - PUBLICATION, DISTRIBUTION, ETC.
Place of publication, distribution, etc. NEW DEHLI :
Date of publication, distribution, etc. 2014.
300 ## - PHYSICAL DESCRIPTION
Extent 1014 P. ;
942 ## - ADDED ENTRY ELEMENTS (KOHA)
Source of classification or shelving scheme
Koha item type Book
Holdings
Withdrawn status Lost status Source of classification or shelving scheme Damaged status Not for loan Permanent Location Current Location Date acquired Total Checkouts Full call number Date last seen Copy number Price effective from Koha item type
          NUST Baluchistan Campus (NBC) NUST Baluchistan Campus (NBC) 12/08/2021   624.171 SUJ 12/08/2021 Q-2135 12/08/2021 Book
© 2023 Central Library, National University of Sciences and Technology. All Rights Reserved.